Reklama tabakových a alkoholických výrobkov
Tabak na našom trhu. V portfóliu cigariet na slovenskom trhu vedie spoločnosť Philip Morris. Podiel najpredávanejších značiek S.I.T. na slovenskom trhu. Alkoholické nápoje v reklame. Podporné systémy predaja, produktové portfólio a kľúčové akcie IDV firiem (International Distillers and Vintners) a S...
Salvato in:
| Autore principale: | |
|---|---|
| Altri autori: | |
| Natura: | Capitolo di libro |
| Lingua: | slovacco |
| Soggetti: | |
| Tags: |
Nessun Tag, puoi essere il primo ad aggiungerne!!
|
MARC
| LEADER | 00000naa a2200000 4500 | ||
|---|---|---|---|
| 001 | r028248 | ||
| 005 | 20230922094647.7 | ||
| 041 | 0 | |a slo | |
| 044 | |a SK | ||
| 245 | 1 | 0 | |a Reklama tabakových a alkoholických výrobkov |c A. Hlinková, K. Benková |
| 520 | |a Tabak na našom trhu. V portfóliu cigariet na slovenskom trhu vedie spoločnosť Philip Morris. Podiel najpredávanejších značiek S.I.T. na slovenskom trhu. Alkoholické nápoje v reklame. Podporné systémy predaja, produktové portfólio a kľúčové akcie IDV firiem (International Distillers and Vintners) a Seagram Slovakia, s.r.o. | ||
| 610 | 2 | 0 | |a tabak |
| 610 | 2 | 0 | |a výrobky |
| 610 | 2 | 0 | |a Philip Morris |
| 610 | 2 | 0 | |a S.I.T., a.s. Bratislava |
| 610 | 2 | 0 | |a nápoje alkoholické |
| 610 | 2 | 0 | |a IDV |
| 610 | 2 | 0 | |a Seagram Slovakia |
| 610 | 2 | 0 | |a Slovensko |
| 100 | 1 | |a Hlinková, A. | |
| 700 | 1 | |a Benková, K. | |